000 01101pam a2200325 i 4500
999 _c234161
_d234161
001 3227252
003 Nust
005 20170314162725.0
008 790919s1980 nyua b 001 0 eng
010 _a 79022696
020 _a978-81-203-4227-9
040 _aDLC
_cASAB
_dDLC
050 0 0 _aR856
_b.C7 1980
060 _aQT26 C946b
082 0 0 _a610/.28
100 1 _aCromwell, Leslie.
245 1 0 _aBiomedical instrumentation and measurements /
_cR. Anandanatarajan
246 _abiomedical instrumentation and measurements
250 _a2nd ed.
260 _aEnglewood Cliffs, N.J. :
_bPrentice-Hall,
_cc1980.
300 _axvi, 287 p. :
_bill. ;
_c24 cm.
500 _aIncludes index.
504 _aBibliography: p. 481-492.
650 0 _aBiomedical engineering.
650 0 _aMedical instruments and apparatus.
650 0 _aPhysiological apparatus.
650 2 _aBiomedical engineering
_xInstrumentation.
700 1 _aWeibell, Fred J.,
_ejoint author.
700 1 _aPfeiffer, Erich A.,
_ejoint author.
906 _a7
_bcbc
_corignew
_d1
_eocip
_f19
_gy-gencatlg
942 _2ddc
_cBK